000 00445nam a2200181Ia 4500
003 GBCCL
005 20251201124128.0
008 180702b ||||| |||| 00| 0 eng d
020 _a8122105491
040 _cGBC
082 _aVER 220.5954
_bKUK 1
245 _aPathen Lekhabu Theng:
_bKitepna Lui le Kitepna Thah Kigom
260 _bBSI
260 _c2006
300 _a1296, 322p.
_bmaps;
650 _aBible
_vKuki
_912302
942 _2ddc
_cREF
999 _c6890
_d6890